00693nam a2200241 a 4500001001300000003000900013005001700022008004100039020002300080082001900103100001700122245003400139260003200173300000900205500003500214505001200249650002300261700001700284902000800301942000700309952012000316999001500436nice12345678IN_TiNIC20260116013030.0050524s1992 dela grp 000 0 eng  a8171588 c45000a297.19787bCHA aChand, Attar aIslam and the New World Order aDelhibAkashdeep Pub.c1992 a379p aincludes index and biblioraphy2 aIndexes aIslam and Politics1 aChand, Attar bSRC cBK 001040708StackRoom-aHMIbHMId2013-10-23g450.00l0o297.19787 CHAp014382r2013-10-23v450.00w2005-05-24yBK c9353d9353